000 01633nam0a2200385 4500
001 RU\NLR\BIBL_A\022320756
005 20260420014511.0
010 _a978-5-6047908-4-7
_9200
021 _aRU
_bКН-П-24-044075
_9КН-П-24-4388
035 _a(NLR Aleph) 022320756
090 _a13665024
_c13665024
100 _a20240912d2022 c y0rusy50 ca
101 0 _arus
102 _aRU
105 _aa z 000yy
181 0 _ab3
_bbb2e
181 0 _ai2
_baxxe
182 0 _an
200 1 _aПо зоопарку с карандашами
_eраскраска
_e[книга-раскраска
_eо животных зоопарка города Челябинска
_eдля детей дошкольного и младшего школьного возраста
_fиллюстратор, автор текстов: Е. Е. Веселовская
_gсоставитель: Е. В. Змиенко]
203 _aИзображение
_aТекст
_bвизуальные
_cнепосредственные
210 _aЧелябинск
_cКрай Ра
_d2022
215 _a15 с.
_cил.
_d14x20
300 _aАвт. указан в вып. дан.
333 _a6+
686 0 _aШ9(2)60=Р7-8
700 1 _aВеселовская
_bЕ. Е.
_gЕлена Евгеньевна
702 1 _aЗмиенко
_bЕ. В.
_gЕлена Вячеславовна
_4220
712 0 2 _4570
_aЧелябинский зоопарк
_92643103
_3RU\NLR\AUTH\880615739
942 _cBOOK
980 _aNB